[Event "15th Deltalift Open 2018"]
[Site "Halmstad"]
[Date "2018.05.10"]
[Round "4"]
[White "Nilsson, Patrik"]
[Black "Bohman Karlholm, Adrian"]
[Result "1-0"]
[WhiteElo "2195"]
[BlackElo "2019"]
[Annotator "NA"]
[PlyCount "91"]
[EventDate "2018.??.??"]
[EventType "swiss"]
[EventCountry "SWE"]
[SourceTitle "playchess.com"]
[Source "ChessBase"]
[SourceQuality "1"]
[TimeControl "1800+12"]

1. e4 {[%emt 0:00:00]} d5 {[%emt 0:00:07]} 2. exd5 {[%emt 0:00:00]} Qxd5 {[%emt 0:00:06]} 3. Nf3 {[%emt 0:00:00]} Bg4 {[%emt 0:00:26]} 4. Be2 {[%emt 0:00:00]} Nc6 {[%emt 0:00:48]} 5. h3 {[%emt 0:00:11]} Bh5 {[%emt 0:00:53]} 6. d4 {[%emt 0:02:23]} O-O-O {[%emt 0:02:44]} 7. Be3 {[%emt 0:02:10]} e5 {[%emt 0:01:32]} 8. c4 {[%emt 0:03:57]} Bb4+ {[%emt 0:03:26]} 9. Nbd2 {[%emt 0:02:58]} Qd6 {[%emt 0:05:47]} 10. d5 {[%emt 0:00:50]} Nce7 {[%emt 0:02:06]} 11. O-O {[%emt 0:00:21]} f5 {[%emt 0:01:07]} 12. a3 {[%emt 0:02:58]} Bxd2 {[%emt 0:00:56]} 13. Qxd2 {[%emt 0:02:07]} Kb8 {[%emt 0:05:10]} 14. Nxe5 {[%emt 0:02:14]} Qxe5 {[%emt 0:01:43]} 15. Bxh5 {[%emt 0:00:03]} f4 {[%emt 0:00:20]} 16. Bd4 {[%emt 0:02:51]} Qxh5 {[%emt 0:00:08]} 17. Bxg7 {[%emt 0:00:02]} Nh6 {[%emt 0:00:17]} 18. Qxf4 {[%emt 0:01:44]} Nf7 {[%emt 0:02:51]} 19. Bxh8 {[%emt 0:00:52]} Nxh8 {[%emt 0:00:07]} 20. Rfe1 {[%emt 0:01:01]} Nhg6 {[%emt 0:00:06]} 21. Qf6 {[%emt 0:01:31]} Rg8 {[%emt 0:01:12]} 22. Qf7 {[%emt 0:02:28]} Qf5 {[%emt 0:01:54]} 23. Qxg8+ {[%emt 0:02:19]} Nxg8 {[%emt 0:00:03]} 24. Re8+ {[%emt 0:00:01]} Qc8 {[%emt 0:00:03]} 25. Rae1 {[%emt 0:00:05]} Nf6 {[%emt 0:00:05]} 26. Rxc8+ {[%emt 0:00:04]} Kxc8 {[%emt 0:00:01]} 27. g3 {[%emt 0:00:08]} Kd7 {[%emt 0:00:12]} 28. f4 {[%emt 0:00:02]} c6 {[%emt 0:00:25]} 29. dxc6+ {[%emt 0:00:04]} bxc6 {[%emt 0:00:01]} 30. f5 {[%emt 0:00:10]} Ne7 {[%emt 0:00:18]} 31. g4 {[%emt 0:00:02]} h6 {[%emt 0:00:26]} 32. Kf2 {[%emt 0:00:08]} c5 {[%emt 0:00:12]} 33. Re6 {[%emt 0:00:12]} Nfg8 {[%emt 0:00:50]} 34. b4 {[%emt 0:00:24]} cxb4 {[%emt 0:00:16]} 35. axb4 {[%emt 0:00:02]} h5 {[%emt 0:00:17]} 36. Ra6 {[%emt 0:00:16]} Nc6 {[%emt 0:00:13]} 37. b5 {[%emt 0:00:04]} Ne5 {[%emt 0:00:08]} 38. Rxa7+ {[%emt 0:00:29]} Kd6 {[%emt 0:00:05]} 39. Rg7 {[%emt 0:01:20]} Nh6 {[%emt 0:00:16]} 40. Rh7 {[%emt 0:00:29]} Ng8 {[%emt 0:00:21]} 41. g5 {[%emt 0:00:11]} Nxc4 {[%emt 0:00:07]} 42. f6 {[%emt 0:00:06]} Ne5 {[%emt 0:00:14]} 43. f7 {[%emt 0:00:28]} Nxf7 {[%emt 0:00:13]} 44. Rxf7 {[%emt 0:00:02]} Ke6 {[%emt 0:00:04]} 45. Rf8 {[%emt 0:00:06]} Ne7 {[%emt 0:00:02]} 46. Re8 {[%emt 0:00:02]} 1-0

[Event "15th Deltalift Open 2018"]
[Site "Halmstad"]
[Date "2018.05.10"]
[Round "4"]
[White "Sorensen, Hampus"]
[Black "Bergre, Joachim"]
[Result "1-0"]
[WhiteElo "2176"]
[BlackElo "1990"]
[Annotator "NA"]
[PlyCount "69"]
[EventDate "2018.??.??"]
[EventType "swiss"]
[EventCountry "SWE"]
[SourceTitle "playchess.com"]
[Source "ChessBase"]
[SourceQuality "1"]
[TimeControl "1800+12"]

1. d4 {[%emt 0:00:00]} Nf6 {[%emt 0:00:09]} 2. c4 {[%emt 0:00:17]} c5 {[%emt 0:00:10]} 3. d5 {[%emt 0:00:03]} b5 {[%emt 0:00:04]} 4. Qc2 {[%emt 0:00:02]} bxc4 {[%emt 0:00:45]} 5. e4 {[%emt 0:00:02]} d6 {[%emt 0:00:19]} 6. Bxc4 {[%emt 0:00:06]} g6 {[%emt 0:00:30]} 7. Nf3 {[%emt 0:00:06]} Bg7 {[%emt 0:00:16]} 8. h3 {[%emt 0:00:14]} O-O {[%emt 0:01:30]} 9. O-O {[%emt 0:00:03]} Ba6 {[%emt 0:02:08]} 10. Na3 {[%emt 0:00:13]} Nfd7 {[%emt 0:03:04]} 11. Qe2 {[%emt 0:03:19]} Bxc4 {[%emt 0:01:43]} 12. Nxc4 {[%emt 0:00:06]} Nb6 {[%emt 0:01:35]} 13. Rb1 {[%emt 0:01:22]} Nxc4 {[%emt 0:01:26]} 14. Qxc4 {[%emt 0:00:02]} Nd7 {[%emt 0:00:07]} 15. Bd2 {[%emt 0:00:31]} Nb6 {[%emt 0:01:48]} 16. Qe2 {[%emt 0:00:38]} Qd7 {[%emt 0:03:00]} 17. b3 {[%emt 0:04:07]} Rac8 {[%emt 0:01:43]} 18. Rbc1 {[%emt 0:01:25]} Qb7 {[%emt 0:02:36]} 19. Bc3 {[%emt 0:00:50]} Bxc3 {[%emt 0:01:02]} 20. Rxc3 {[%emt 0:00:02]} Nd7 {[%emt 0:00:08]} 21. Rd1 {[%emt 0:01:37]} f6 {[%emt 0:01:27]} 22. Nd2 {[%emt 0:00:49]} Rc7 {[%emt 0:03:13]} 23. Nc4 {[%emt 0:00:49]} Ne5 {[%emt 0:00:57]} 24. f4 {[%emt 0:00:12]} Nxc4 {[%emt 0:00:36]} 25. Rxc4 {[%emt 0:00:09]} Qb5 {[%emt 0:00:22]} 26. e5 {[%emt 0:00:53]} fxe5 {[%emt 0:01:01]} 27. fxe5 {[%emt 0:00:01]} Qd7 {[%emt 0:00:48]} 28. Re4 {[%emt 0:02:49]} Rf5 {[%emt 0:00:48]} 29. exd6 {[%emt 0:01:44]} Qxd6 {[%emt 0:00:22]} 30. Re6 {[%emt 0:00:12]} Qd7 {[%emt 0:00:27]} 31. d6 {[%emt 0:00:19]} exd6 {[%emt 0:00:15]} 32. Rdxd6 {[%emt 0:00:25]} Qf7 {[%emt 0:00:29]} 33. Rd8+ {[%emt 0:01:36]} Kg7 {[%emt 0:00:02]} 34. Rde8 {[%emt 0:00:10]} Kh6 {[%emt 0:00:39]} 35. Qe3+ {[%emt 0:00:01]} 1-0

[Event "15th Deltalift Open 2018"]
[Site "Halmstad"]
[Date "2018.05.10"]
[Round "4"]
[White "Lindhe, Magnus"]
[Black "Crevatin, Leo"]
[Result "1-0"]
[WhiteElo "2170"]
[BlackElo "2251"]
[Annotator "NA"]
[PlyCount "67"]
[EventDate "2018.??.??"]
[EventType "swiss"]
[EventCountry "SWE"]
[SourceTitle "playchess.com"]
[Source "ChessBase"]
[SourceQuality "1"]
[TimeControl "1800+12"]

1. d4 {[%emt 0:00:00]} d5 {[%emt 0:00:01]} 2. c3 {[%emt 0:00:00]} Nf6 {[%emt 0:00:18]} 3. Bg5 {[%emt 0:00:09]} Ne4 {[%emt 0:00:06]} 4. Bf4 {[%emt 0:00:05] D00: 1 d4 d5: Unusual lines} c5 {[%emt 0:00:48]} 5. f3 {[%emt 0:00:50]} (5. e3 Nc6 6. Nd2 Nxd2 7. Qxd2 cxd4 8. exd4 Bf5 9. Nf3 e6 10. Bb5 Bd6 11. Bg3 O-O 12. O-O Rc8 13. Rfe1 Bxg3 14. hxg3 {1-0 (45) Al Sayed,M (2511)-Christiansen,J (2495) Riadh 2017}) 5... Nf6 {[%emt 0:00:24]} 6. dxc5 {[%emt 0:00:51]} a5 $146 {[%emt 0:01:59]} ({Predecessor:} 6... e5 7. Bxe5 Bxc5 8. Bd4 Bd6 9. e3 Nh5 10. g3 Nc6 11. Ne2 Nxd4 12. exd4 {1-0 (42) Narmontas,M (2370)-Kocheev,A (2247) Kemer 2009}) 7. e4 {[%emt 0:01:16]} e6 {[%emt 0:03:04]} 8. b4 (8. Qd4 $11 {keeps the balance.}) 8... axb4 {[%emt 0:00:38]} 9. cxb4 {[%emt 0:03:18]} b6 {[%emt 0:02:27] [#]} 10. Bxb8 $1 {[%emt 0:03:37]} Rxb8 {[%emt 0:00:51]} 11. Bb5+ {[%emt 0:01:10]} Ke7 {[%emt 0:03:03]} 12. c6 {[%emt 0:01:31]} dxe4 {[%emt 0:01:14]} 13. Qxd8+ {[%emt 0:03:46]} Kxd8 {[%emt 0:00:01]} 14. a3 {[%emt 0:01:31]} Ra8 {[%emt 0:00:34]} 15. Nc3 {[%emt 0:00:10]} Kc7 {[%emt 0:01:46]} 16. Ra2 {[%emt 0:04:55]} e5 {[%emt 0:03:30]} (16... Nd5 $17 17. Nge2 exf3 18. gxf3 Be7) 17. Bc4 {[%emt 0:01:00]} Bf5 {[%emt 0:03:41]} 18. g4 {[%emt 0:01:01]} Be6 $1 {[%emt 0:00:30]} 19. Bxe6 {[%emt 0:00:25]} fxe6 {[%emt 0:00:01]} 20. fxe4 {[%emt 0:01:11]} Nxg4 {[%emt 0:02:05]} 21. Nf3 {[%emt 0:00:51]} Kxc6 {[%emt 0:00:57]} 22. Rg1 {[%emt 0:00:34]} Nf6 {[%emt 0:01:40]} 23. Nxe5+ {[%emt 0:00:11]} Kb7 {[%emt 0:00:16]} 24. Nf7 {[%emt 0:01:42]} Rg8 {[%emt 0:00:09]} 25. e5 {[%emt 0:00:31]} Nd5 {[%emt 0:00:49]} 26. Nxd5 {[%emt 0:01:48]} exd5 {[%emt 0:00:01]} 27. Rgg2 {[%emt 0:00:17]} g6 {[%emt 0:01:17]} 28. Rge2 {[%emt 0:00:06]} Be7 {[%emt 0:00:58]} 29. e6 {[%emt 0:00:12]} Rgc8 {[%emt 0:00:17]} 30. Kf2 {[%emt 0:00:38]} Rc3 {[%emt 0:00:21]} 31. Red2 {[%emt 0:00:18]} Kc6 {[%emt 0:01:03]} 32. Kg2 {[%emt 0:00:33]} Raxa3 {[%emt 0:00:29]} (32... b5 $15 33. Rd4 Raxa3) 33. Ne5+ {[%emt 0:00:20]} Kd6 $18 {[%emt 0:01:01]} (33... Kb7 $14 34. Rxa3 Rxa3) 34. Rxa3 {[%emt 0:00:03]} 1-0

[Event "15th Deltalift Open 2018"]
[Site "Halmstad"]
[Date "2018.05.10"]
[Round "4"]
[White "Fransson, Patrick"]
[Black "Nilsson, Eskil"]
[Result "1/2-1/2"]
[WhiteElo "2129"]
[BlackElo "1962"]
[Annotator "TA"]
[PlyCount "182"]
[EventDate "2018.??.??"]
[EventType "swiss"]
[EventCountry "SWE"]
[SourceTitle "playchess.com"]
[Source "ChessBase"]
[SourceQuality "1"]

{[%evp 14,182,18,-41,16,6,9,2,13,0,14,0,0,0,30,28,56,48,51,30,39,20,18,0,0,-21,0,-19,-16,-20,0,-35,-25,-33,-21,-31,-14,-46,2,-39,0,-104,59,0,0,-5,22,18,26,24,26,16,36,29,18,-20,-30,-22,0,0,0,0,0,-27,0,-70,-41,-99,-98,-178,-148,-239,-220,-254,-196,-285,-169,-189,-200,-222,-147,-992,-673,-665,-639,-704,-447,-373,-248,-302,-6,-519,-6,-6,-7,-45,-26,-19,0,-775,664,654,689,686,679,663,654,672,648,636,660,512,433,329,502,491,478,381,651,641,750,749,750,747,729,718,702,643,644,623,633,633,571,386,339,128,224,71,71,-1128,302,319,261,37,37,8,8,0,56,54,52,43,43,43,43,43,43,42,41,39,54,54,54,54,59,66,57,0,0,0,0]} 1. d4 Nf6 2. Bg5 c5 3. d5 Qb6 4. Nc3 Qxb2 5. Bd2 Qb6 6. e4 e5 (6... d6 7. f4 e5 8. Nf3 Nbd7 9. Rb1 Qd8 10. Bc4 a6 11. fxe5 Nxe5 12. Nxe5 dxe5 13. a4 Bd6 14. O-O h6 15. Qf3 Rb8 {½-½ (60) Rapport,R (2707)-Bu,X (2730) Riadh 2017}) 7. f4 d6 8. f5 {LiveBook: 12 Games. A45: Trompowsky Attack} (8. fxe5 $11 dxe5 9. Nf3) 8... h5 (8... g6 $15) 9. Nf3 Be7 10. Be2 Nbd7 11. Rb1 Qd8 12. O-O a6 13. a4 $1 b6 14. Qe1 $146 ({Predecessor:} 14. Kh1 Rb8 15. Bc4 Ng4 {½-½ (35) Orr,M (2293)-O'Connell,G (2146) Dublin 2007}) 14... Qc7 15. Bc4 {[%mdl 1024] White has compensation.} Bb7 16. Ng5 Nh7 17. h4 Nhf6 18. Qg3 Ng4 19. Rf3 Rb8 20. Nd1 Bc8 21. Rfb3 Ndf6 22. Nc3 Bd8 23. Nf3 Qa7 24. Bg5 Bd7 25. Nd2 Nh7 26. Nf3 Nhf6 27. Kh1 {[#]} (27. Nd2 $11) 27... Qc7 $2 (27... Bxa4 $1 $17 {[%mdl 512]} 28. Nxa4 Nxe4) 28. Nd2 (28. Bxf6 $1 $14 Bxf6 29. Bxa6) 28... Qa7 $11 29. Be2 Rg8 30. Nc4 Bc7 31. Ne3 Nxe3 32. Qxe3 Bd8 33. Qg3 Rh8 34. Bxf6 (34. R3b2 {feels hotter.} Bc8 35. Kg1 Qc7 36. Qe3 Rg8 37. Rf1) 34... Bxf6 35. Qf2 Bc8 36. g3 Bd8 37. Nd1 Qd7 38. Nc3 Qa7 39. Bf3 (39. Nd1 $11) 39... Qe7 40. Bg2 ({Better is} 40. Nd1 $15) 40... g5 $17 {[%cal Rg5h4]} 41. Rf1 (41. Nd1 $17 {might work better.}) 41... Qf6 {[%cal Rg5h4]} 42. Nb1 (42. hxg5 $17 Qxg5 43. Bh3) 42... gxh4 $19 43. Nd2 Rg8 44. Bh3 (44. gxh4 $142 Bd7 45. a5) 44... b5 (44... Rxg3 $142 45. Rxg3 hxg3 46. Qxg3 Bd7 47. Qg8+ Ke7) 45. axb5 axb5 46. Rg1 c4 47. Qa7 $2 {[%mdl 8192]} (47. Nxc4 $17 Bd7 48. gxh4 Rxg1+ 49. Kxg1) 47... cxb3 48. Qxb8 Bd7 49. Nxb3 hxg3 50. Kg2 Ke7 51. Qa7 {[#]} h4 $2 (51... Bc7 $1 $19 {[%mdl 512]} 52. Rf1 (52. Qxc7 Rc8) 52... Rc8 53. Kxg3 Bd8) 52. Qb7 $2 {[%mdl 8192] [#]} (52. Ra1 $1 $11 {and White stays safe.}) 52... Ke8 $2 (52... Bc7 $1 $19 {[%mdl 512] And now ...Rc8 would win.} 53. Re1 (53. Qxc7 Rc8) 53... Rc8) 53. Ra1 $1 $11 Qe7 54. Ra7 f6 55. Qb8 Kf7 56. Rb7 $2 {[%mdl 8192] [#]} (56. Qb7 $11 Ke8 57. Qb8) 56... Kg7 $4 {[%mdl 8192]} (56... Bb6 $1 $19 {[%mdl 512]} 57. Rxd7 (57. Rxb6 Rxb8) 57... Rxb8 58. Rxe7+ Kxe7) 57. Qa7 $18 Bb6 58. Rxd7 Bxa7 59. Rxe7+ Kh6 60. Rxa7 Rc8 61. Ra2 Kg5 62. Na1 Kf4 63. Rb2 Ra8 (63... Rc3 $142 64. Rxb5 Re3) 64. Nb3 Kxe4 65. Nc1 Ra5 $2 (65... Rc8 66. Bg4 Kf4) 66. Rb4+ Kxd5 67. Rxh4 Ra1 68. Nd3 e4 69. Nf4+ Ke5 70. Ng6+ Kd4 71. Kxg3 Ra3+ 72. Kf2 Rc3 73. Bf1 Rxc2+ 74. Ke1 $2 (74. Be2 $18 {and the rest is easy.}) 74... b4 (74... Rc1+ $16 75. Kf2 b4) 75. Nf4 $2 (75. Kd1 $1 $18 {[%cal Rd1c2]} Ra2 76. Bb5 (76. Rh3 Ra1+ 77. Ke2 Ra2+ 78. Ke1 Ra1+ 79. Kf2 e3+ 80. Rxe3 Rxf1+ 81. Kxf1 Kxe3 $11)) 75... b3 $16 {Hoping for ...b2.} 76. Ne2+ $2 {[%mdl 8192] [#]} (76. Kd1 $16 Rf2 77. Ne2+ Ke5 78. Ng3) 76... Ke5 $4 {[%mdl 8192]} (76... Rxe2+ $1 $19 {[%mdl 512] avoids the disaster.} 77. Kxe2 b2) 77. Kd1 $18 Ra2 {[#]} 78. Nc3 $2 (78. Ng3 $1 $18 d5 79. Kc1) 78... Ra1+ $14 79. Ke2 d5 {aiming for ...b2.} 80. Rh8 {Strongly threatening Re8+.} d4 ({Black should try} 80... b2 $11 81. Rb8 Rc1) 81. Re8+ Kxf5 82. Nxe4 b2 83. Nd2 b1=Q 84. Nxb1 Rxb1 {[%mdl 4096] Endgame KRB-KR} 85. Bh3+ Kf4 86. Bd7 Rb6 87. Kd3 Rd6 88. Bc8 Kg5 89. Re4 f5 90. Bxf5 (90. Re5 $14) 90... Kxf5 $11 91. Rxd4 Rxd4+ {Precision: White = 32%, Black = 24%.} 1/2-1/2

[Event "15th Deltalift Open 2018"]
[Site "Halmstad"]
[Date "2018.05.10"]
[Round "4"]
[White "Subramanian, Aditya"]
[Black "Lundell, Jens"]
[Result "1-0"]
[WhiteElo "2123"]
[BlackElo "1942"]
[Annotator "NA"]
[PlyCount "51"]
[EventDate "2018.??.??"]
[EventType "swiss"]
[EventCountry "SWE"]
[SourceTitle "playchess.com"]
[Source "ChessBase"]
[SourceQuality "1"]
[TimeControl "1800+12"]

1. d4 {[%emt 0:00:08]} Nf6 {[%emt 0:00:12]} 2. c4 {[%emt 0:00:08]} g6 {[%emt 0:00:02]} 3. Nc3 {[%emt 0:00:15]} d5 {[%emt 0:00:01]} 4. Bg5 {[%emt 0:00:05]} Ne4 {[%emt 0:01:56]} 5. Nxe4 {[%emt 0:00:03]} dxe4 {[%emt 0:00:03]} 6. Qd2 {[%emt 0:00:01]} Bg7 {[%emt 0:01:10]} 7. e3 {[%emt 0:00:01]} c5 {[%emt 0:02:00]} 8. Ne2 {[%emt 0:00:03]} Nc6 {[%emt 0:02:17]} 9. d5 {[%emt 0:00:02]} Ne5 {[%emt 0:01:10]} 10. Nc3 {[%emt 0:00:03]} f5 {[%emt 0:00:37]} 11. O-O-O {[%emt 0:00:25]} Nf7 {[%emt 0:04:41]} 12. Bf4 {[%emt 0:01:42]} Nd6 {[%emt 0:01:32]} 13. f3 {[%emt 0:00:08]} exf3 {[%emt 0:00:29]} 14. gxf3 {[%emt 0:00:03]} O-O {[%emt 0:00:42]} 15. h4 {[%emt 0:00:03]} Bd7 {[%emt 0:00:32]} 16. h5 {[%emt 0:00:22]} Be8 {[%emt 0:01:20]} 17. hxg6 {[%emt 0:00:33]} Bxg6 {[%emt 0:00:50]} 18. Bd3 {[%emt 0:00:19]} Qd7 {[%emt 0:00:22]} 19. Rdg1 {[%emt 0:00:25]} a6 {[%emt 0:01:24]} 20. Bh6 {[%emt 0:00:21]} Rf7 {[%emt 0:00:46]} 21. Ne2 {[%emt 0:01:17]} Be5 {[%emt 0:02:31]} 22. Nf4 {[%emt 0:00:19]} Bxf4 23. Bxf4 b5 {[%emt 0:00:55]} 24. Be5 {[%emt 0:00:22]} Rg7 {[%emt 0:02:13]} 25. Bxg7 {[%emt 0:00:13]} Kxg7 {[%emt 0:00:02]} 26. Qc3+ {[%emt 0:00:02]} 1-0

[Event "15th Deltalift Open 2018"]
[Site "Halmstad"]
[Date "2018.05.10"]
[Round "4"]
[White "Berggren Torell, Harald"]
[Black "Hector, Jonny"]
[Result "0-1"]
[WhiteElo "2114"]
[BlackElo "2497"]
[Annotator "TA"]
[PlyCount "86"]
[EventDate "2018.??.??"]
[EventType "swiss"]
[EventCountry "SWE"]
[SourceTitle "playchess.com"]
[Source "ChessBase"]
[SourceQuality "1"]

{[%evp 23,86,6,7,-12,0,-14,-13,-39,0,0,0,-2,-10,-51,-41,-40,-33,-47,-45,-42,-47,-48,-23,-23,-29,-27,-33,-75,-32,-32,-32,-36,-30,-60,-14,-34,-27,-34,-10,-27,-41,-39,-33,-113,-134,-197,-164,-166,-168,-183,-177,-192,-188,-265,-141,-230,-68,-69,-33,-45,-31,-1750,-1091,-12848,-12848]} 1. e4 e5 2. Nf3 Nc6 3. Nc3 Nf6 4. Bb5 Nd4 5. Nxd4 exd4 6. e5 dxc3 7. exf6 Qxf6 8. dxc3 Qe5+ 9. Qe2 Qxe2+ 10. Kxe2 c6 11. Bd3 d5 12. Re1 {C48: Four Knights: 4 Bb5, replies other than 4...Bb4} (12. Bf4 Be6 13. Rhe1 Kd7 14. Rad1 Bd6 {½-½ (14) Istratescu,A (2651)-Fressinet,L (2693) Haguenau 2013}) 12... Be6 {LiveBook: 6 Games} 13. b3 $146 ({Predecessor:} 13. Kf3 Bd6 14. Bf4 Kd7 15. Bxd6 Kxd6 16. h4 h6 17. a3 Rhe8 18. Kf4 Bd7 19. Bf5 Rxe1 20. Rxe1 {½-½ (31) Karolyi,T (2337)-Horvath,T (2414) Hungary 2010}) 13... Be7 14. a4 {The position is equal.} Bf6 15. Kd2 O-O 16. Ba3 Bg5+ 17. Kd1 Rfd8 18. a5 Bf6 19. Kd2 b6 20. f4 c5 21. axb6 axb6 22. Bb2 Rab8 23. Bb5 c4 24. g3 h5 25. Kc1 Rbc8 26. bxc4 dxc4 27. Ra6 Rb8 28. Re4 Bd5 29. Re1 Kh7 30. Rd1 g5 (30... Kg6 {keeps more tension.} 31. h3 Be6 32. Rg1 Be7 33. Ba3 Bxa3+ 34. Rxa3 Kf6) 31. Ra4 gxf4 32. gxf4 Rbc8 33. Kb1 ({White should play} 33. Ba3 $15) 33... Be6 $36 {[%mdl 2048] Black is in control.} 34. Kc1 (34. Rxd8 $17 Rxd8 35. Kc1) 34... Kg6 35. Ra6 Kf5 36. Rxb6 Rxd1+ 37. Kxd1 Kxf4 38. Bc1+ {[#]} (38. Ke2 {was called for.}) 38... Kg4 (38... Kf3 $1 $19 39. Bd2 Be5) 39. Bd2 {[#]} (39. Ke2 $17 {keeps fighting.}) 39... Kh3 $2 (39... Be5 $1 $19 40. Ke2 Bxh2) 40. Bd7 $1 $15 {[%cal Rd7c8]} Rd8 41. Bxe6+ fxe6 42. Rxe6 $2 {[%mdl 8192]} (42. Ke2 $15) 42... Bg5 $1 $19 43. Re2 Rxd2+ {Precision: White = 20%, Black = 55%.} 0-1

[Event "15th Deltalift Open 2018"]
[Site "Halmstad"]
[Date "2018.05.10"]
[Round "4"]
[White "Andersson, Lars"]
[Black "Hillarp Persson, Tiger"]
[Result "0-1"]
[WhiteElo "2028"]
[BlackElo "2531"]
[Annotator "TA"]
[PlyCount "38"]
[EventDate "2018.??.??"]
[EventType "swiss"]
[EventCountry "SWE"]
[SourceTitle "playchess.com"]
[Source "ChessBase"]
[SourceQuality "1"]

{[%evp 13,38,4,0,-84,-88,-120,-103,-138,-76,-91,-101,-150,-148,-271,-275,-556,-561,-541,-527,-695,-692,-682,-681,-703,-699,-682,-641]} 1. f4 c5 2. Nf3 Nc6 3. g3 g6 4. Bg2 Bg7 5. O-O d6 6. d3 e5 7. e4 Nge7 {LiveBook: 184 Games. B20: Sicilian: Unusual White 2nd moves} 8. Be3 (8. Nc3 $11) (8. c3 O-O 9. Na3 f5 10. fxe5 dxe5 11. Be3 b6 12. exf5 Bxf5 13. Ng5 Qxd3 14. Qb3+ Kh8 15. Rfe1 Bg4 16. Nf7+ Rxf7 17. Qxf7 {1-0 (47) Carlsen,M (2832)-Guseinov,G (2645) chess.com INT 2017}) 8... exf4 $17 9. gxf4 $146 ({Predecessor:} 9. Bxf4 Bg4 10. c3 Qd7 11. Nbd2 O-O 12. Qc2 d5 13. Rae1 h6 14. e5 g5 15. Be3 {0-1 (51) Ionescu,D (2330)-Veneteanu,I (2220) Bucharest 2000}) 9... Bxb2 {Black is better.} 10. Nbd2 O-O ({Black should try} 10... Bxa1 11. Qxa1 O-O) 11. Rb1 Bg7 12. Nc4 b6 13. d4 (13. Bd2 $17 {was necessary.}) 13... Ba6 $19 14. Qd3 $2 (14. dxc5 Bxc4 15. cxd6) 14... d5 {Black is clearly winning.} 15. exd5 Nxd5 {[%cal Be7d5,Bd5e3,Be3g2][%mdl 32] [#] And now ...Bxc4 would win.} 16. Nfe5 Nxe5 17. dxe5 Bxc4 18. Qxc4 Nxe3 19. Qe2 Nxg2 0-1

[Event "15th Deltalift Open 2018"]
[Site "Halmstad"]
[Date "2018.05.10"]
[Round "4"]
[White "Goransson, Martin"]
[Black "Cramling, Pia"]
[Result "0-1"]
[WhiteElo "2025"]
[BlackElo "2448"]
[Annotator "TA"]
[PlyCount "56"]
[EventDate "2018.??.??"]
[EventType "swiss"]
[EventCountry "SWE"]
[SourceTitle "playchess.com"]
[Source "ChessBase"]
[SourceQuality "1"]

{[%evp 18,56,18,17,38,-13,-2,-19,-19,-19,-20,-55,-68,-72,-64,-68,-56,-212,-229,-234,-158,-159,-151,-227,-117,-125,-116,-110,-83,-176,-170,-327,-313,-920,-901,-29990,-746,-29993,-1759,-29992,-29993]} 1. c4 b6 2. Nc3 Bb7 3. e4 e6 4. g3 f5 5. d3 Nf6 6. Bg2 {A10: English Opening: Unusual Replies for Black} fxe4 7. Nge2 Nc6 (7... Bc5 8. O-O O-O 9. Bg5 Qc8 10. d4 Be7 11. Bxf6 Bxf6 12. Nxe4 Nc6 {½-½ (39) Romanov,E (2626)-Repka,C (2487) Krakow 2017}) 8. dxe4 Bc5 9. O-O O-O 10. Na4 {LiveBook: 3 Games} e5 11. a3 $146 (11. Nxc5 $14 bxc5 12. f4) ({Predecessor:} 11. Nxc5 bxc5 12. Nc3 d6 {½-½ (27) Abdulaziz,M (2126)-Khairallah,F (2251) Beirut 2016}) 11... a5 $11 12. Nxc5 bxc5 13. Rb1 d6 14. Bd2 a4 15. Nc3 Nd4 16. Bg5 Qd7 17. Nd5 $2 (17. f4 $15) 17... Nxd5 $19 18. exd5 c6 19. Be3 cxd5 20. Bxd4 (20. cxd5 $17 Qf5 21. Rc1) 20... cxd4 (20... exd4 $19 21. cxd5 Qf5) 21. cxd5 $17 Qb5 22. b3 Ba6 23. bxa4 {[#]} (23. Re1 $17) 23... Qc5 $1 $36 {[%mdl 2048] Keeping White busy.} 24. Re1 $2 {[#]} (24. Qg4 {keeps fighting.}) 24... Rxf2 $3 {[%mdl 512]} 25. Kxf2 $2 (25. Rc1 Rxg2+ 26. Kxg2 Qxd5+ 27. Qf3) 25... d3+ 26. Kf3 Qxd5+ (26... Rf8+ $142 27. Kg4 Bc8+ 28. Kh4 Qf2 29. Rf1 Rf4+ 30. Kg5 h6+ 31. Kh5 Qxg2 32. Rxf4 Qh3+ 33. Kg6 exf4 34. Qh5 Qd7 35. Rb7 Qe8+ 36. Rf7 Qxf7#) 27. Kg4 Qxg2 (27... Bc8+ $142 28. Kh4 Qxg2 29. Qb3+ Kh8 30. Qe6 Bxe6 31. Kg5 Qd2+ 32. Re3 Qxe3+ 33. Kh5 Qh6#) 28. Qf3 {[#]} h5+ $1 {[%mdl 512] Precision: White = 31%, Black = 62%.} 0-1